000 00397nam a2200181Ia 4500
005 20250603145932.0
008 250603s9999 xx 000 0 und d
020 _a1405078057
050 _aPZ 7 .M38 S63/
100 _aMatteus, Geoffrey
245 4 _aThe space invaders
260 _aOxford
260 _bMacmillan
260 _c2005
300 _a63 p
650 _aOxford
942 _cBK
999 _c43291
_d43291